|
|
|
|
| LEADER |
01256cam a22003254a 4500 |
| 001 |
2725950x |
| 003 |
GR-PaULI |
| 008 |
170607s2011 njua e b 001 0 eng|c |
| 010 |
|
|
|a 2010023047
|
| 020 |
|
|
|a 9781556428968
|
| 040 |
|
|
|a GrPaTEI
|b gre
|c GR-PaULI
|
| 050 |
0 |
0 |
|a RD756.4
|b .E34 2011
|
| 082 |
0 |
4 |
|a 617.58
|2 23
|
| 100 |
1 |
|
|a Edelstein, Joan E.
|
| 245 |
1 |
0 |
|a Lower-limb prosthetics and orthotics :
|b clinical concepts /
|c Joan E. Edelstein, Alex Moroz.
|
| 260 |
|
|
|a Thorofare, NJ :
|b SLACK,
|c c2011.
|
| 300 |
|
|
|a viii, 205 σ. :
|b εικ. ;
|c 28 εκ.
|
| 504 |
|
|
|a Περιλαμβάνει βιβλιογραφικές παραπομπές και ευρετήριο.
|
| 650 |
|
0 |
|a Amputation
|x Rehabilitation.
|
| 650 |
|
0 |
|a Artificial legs.
|
| 650 |
|
0 |
|a Artificial Limbs.
|
| 650 |
|
0 |
|a Gait.
|
| 650 |
|
0 |
|a Joint Prosthesis.
|
| 650 |
|
0 |
|a Lower Extremity.
|
| 650 |
|
0 |
|a Orthotic Devices.
|
| 700 |
1 |
|
|a Moroz, Alex.
|e συγγραφέας.
|
| 942 |
|
|
|2 ddc
|
| 952 |
|
|
|0 0
|1 0
|2 ddc
|4 0
|6 617_580000000000000_EDE
|7 1
|9 318431
|a LISK
|b LISK
|c BSC
|d 2021-01-17
|e 24
|f 0
|g 0.00
|l 0
|o 617.58 EDE
|p 99241000060635
|r 2021-01-17 00:00:00
|t 1
|w 2021-01-17
|y BKN
|x Purchase/Donation Number
|x General Note
|x GrPaTEI
|
| 971 |
|
|
|a .b2725950x
|b 01-10-20
|c 07-06-17
|
| 999 |
|
|
|c 180947
|d 180947
|